Statistics for fairy tail ALL CHARACTERS

Click here to take the quiz!

General Stats

  • This quiz has been taken 84 times
  • The average score is 90 of 301

Answer Stats

Answer% Correct
Lucy Heartifilia
100%
Natsu Dragneel
100%
Erza Scarlet
98%
Happy
85%
Carla
82%
Juvia Lockser
82%
Mirajane Strauss
82%
Wendy Marvell
82%
Elfman Strauss
78%
Gajeel Redfox
78%
Laxus Dreyar
78%
Loke
78%
Lisanna Strauss
76%
Cana Alberona
75%
Levy Mcgarden
75%
Makarov Dreyar
75%
Gildarts Clive
73%
Mavis Vermillion
69%
Panther Lily
69%
Jellal Fernandes
67%
Fried Justine
65%
Sting Eucliffe
65%
Jet
64%
Rogue Cheney
64%
Droy
62%
Macao Conbolt
62%
Aquarius
60%
Evergreen
60%
Max Alors
60%
Virgo
58%
Bisca Connell
56%
Gemini
56%
Gray Fullbuster
56%
Hades
56%
Scorpio
56%
Taurus
56%
Aries
53%
Cancer
53%
Frosch
53%
Jura Neekis
53%
Libra
53%
Lucy Ashley
53%
Natsu Dragion
53%
Spriggan
53%
Ultear Milkovich
53%
Wakaba Mine
53%
Capricorn
51%
Kagura Mikazuchi
51%
Millianna
51%
Minerva Orland
51%
Yukino Agria
51%
Layla Heartfilia
49%
Lyon Vastia
49%
Sagittarius
49%
Bickslow
47%
Gray Surge
47%
Silver Fullbuster
47%
Sorano
47%
Aria
45%
Bob
45%
Meredy
45%
Mystogan
45%
Ur
45%
Yuri Dreyar
45%
Acnologia
44%
Brain
44%
God Serena
44%
Igneel
44%
Ivan Dreyar
44%
Metalicana
44%
Pisces
44%
Sherry Blendy
44%
Jude Heartfilia
42%
Kinana
42%
Azuma
40%
Bacchus Groh
40%
Flare Corona
40%
Ichiya Vandalay Kotobuki
40%
Irene Belserion
40%
Jose Porla
40%
Laki Olietta
40%
Mest Gryder
40%
Sol
40%
Brandish μ
38%
Erik
38%
Lector
38%
Plue
38%
Romeo Conbolt
38%
Bluenote Stinger
36%
Coco
36%
Deliora
36%
Hibiki Lates
36%
Karen Lilica
36%
Lisanna(Jellal)
36%
Ren Akatsuki
36%
Sherria Blendy
36%
Simon
36%
Toby Horhorta
36%
Totomaru
36%
Alzack Connell
35%
August
35%
Erza Knightwalker
35%
Eve Tearm
35%
Horologium
35%
Imitatia
35%
Mard Geer Tartaros
35%
Orga Nanagear
35%
Reedus Jonah
35%
Rufus Lore
35%
Anna Heartfilia
33%
Crux
33%
Jenny Realight
33%
Rustyrose
33%
Sugarboy
33%
Warren Rocko
33%
Atlas Flame
31%
Beth Vanderwood
31%
Lyra
31%
Nab Lasaro
31%
Nichiya
31%
Ooba Babasaama
31%
Seilah
31%
Warrod Sequen
31%
Zancrow
31%
Zoldeo
31%
Arana Webb
29%
Belserion
29%
Celestial Spirit King
29%
Ikaruga
29%
Jackal
29%
Lahar
29%
Rob
29%
Asuka Connell
27%
Grandeeney
27%
Larcade Dragneel
27%
Arcadios
25%
Dimaria Yesta
25%
Hisui E. Fiore
25%
Invel Yura
25%
Jacob Lessio
25%
Kyoka
25%
Mary Hughes
25%
Michelle Lobster
25%
Richard Buchanan
25%
Rogue Cheney (Future)
25%
Samuel
25%
Sho
25%
Yuka Suzuki
25%
Aquarius (Eclipse)
24%
Aries (Eclipse)
24%
Cancer (Eclipse)
24%
Capricorn (Eclipse)
24%
Erigor
24%
Gemini (Eclipse)
24%
Jiemma Orland
24%
Kanaloa
24%
Libra (Eclipse)
24%
Lucy Heartfilia (Future)
24%
Macbeth
24%
Obra
24%
Pisces (Eclipse)
24%
Scorpio (Eclipse)
24%
Taurus (Eclipse)
24%
Virgo (Eclipse)
24%
Wally Buchanan
24%
Zera
24%
Angelica
22%
Byro Cracy
22%
Cosmos
22%
Hughes
22%
Jean-Luc Neville
22%
Juliet Sun
22%
Leo (Eclipse)
22%
Porlyusica
22%
Sagittarius (Eclipse)
22%
Sawyer
22%
Weisslogia
22%
Archbishop
20%
Celestial Spirit King (Eclipse)
20%
Deneb
20%
Kain Hikaru
20%
Mary
20%
Motherglare
20%
Tempester
20%
Zirconis
20%
Aceto
18%
Ajeel Raml
18%
Balsamico
18%
Jason
18%
Kageyama
18%
Klodoa
18%
Lamy
18%
Landlady
18%
Natsu's Father
18%
Natsu's Mother
18%
Risley Law
18%
Shagotte
18%
Skiadrum
18%
Toma E. Fiore
18%
Velveno
18%
Vidaldus Taka
18%
Bloodman
16%
Bora
16%
Cana(Jellal)
16%
Coco(Jellal)
16%
Elfman(Jellal)
16%
Ezel
16%
Franmalth
16%
Gajeel(Jellal)
16%
Juvia(Jellal)
16%
Kemokemo
16%
Levy(Jellal)
16%
Mirajane(Jellal)
16%
Nullpudding
16%
Polaris
16%
Sugarboy(Jellal)
16%
Torafuzar
16%
Wendy(Jellal)
16%
Yajima
16%
Byro(Jellal)
15%
Chronos
15%
Dan Straight
15%
Goldmine
15%
Keyes
15%
Michello
15%
Org
15%
Rock Dragon
15%
Scissor Runner
15%
Wall Eehto
15%
Warcry
15%
Daphne
13%
Dark Dragon
13%
Faust
13%
Grammi
13%
Lapointe
13%
Marin Hollow
13%
Mato
13%
Mio
13%
Rita
13%
Vijeeter Ecor
13%
Belno
11%
Briar
11%
Doriate
11%
Draculos Hyberion
11%
Gran Doma
11%
Hiroshi
11%
Jiggle Butt Gang
11%
Kamika
11%
Kurohebi
11%
Lucky
11%
Neinhart
11%
Ophiuchus
11%
Pyxis
11%
Caelum
9%
Chapati Lola
9%
Crawford Seam
9%
Darton
9%
Drake
9%
Everlue
9%
Fukuro
9%
Gomon
9%
Jager
9%
Katja
9%
Kawazu
9%
Nadi
9%
Ophiuchus (Eclipse)
9%
Rala
9%
Roubaul
9%
Spetto
9%
Yajeel
9%
Abel
7%
Alok
7%
Boze
7%
Byard
7%
Cyclops Monster
7%
D-6
7%
De Cybele
7%
Ga Maille
7%
Heine Lunasea
7%
Ikusa-Tsunagi
7%
Jerome
7%
Kareem
7%
Leiji
7%
Levia
7%
Marl
7%
Rayule
7%
Rocker
7%
Semmes
7%
Sue
7%
Uosuke
7%
Wolfheim
7%
Yomazu
7%
Arius
5%
Bakel
5%
Guttman Kubrick
5%
Hilda
5%
Kama
5%
Neppa
5%
Nobarly
5%
Rung
5%
Yakdoriga
5%

Score Distribution

Percentile by Number Answered

Percent of People with Each Score

Your Score History

You have not taken this quiz